000 03536cam a22003138i 4500
001 22692662
005 20250915110027.0
008 220713s2023 enk b 001 0 eng
010 _a 2022032093
020 _a9781108841870
_q(hardback)
020 _z9781108899956
_q(ebook)
035 _a22692662
040 _aDLC
_beng
_erda
_cDLC
_dDLC
042 _apcc
050 0 0 _aK3850
_b.I587 2023
245 0 0 _aIntersections between corporate and antitrust law
_c/ edited by Marco Corradi, ESSEC Business School; Julian Nowag, Lund University.
264 1 _aCambridge, United Kingdom ;
_aNew York, NY :
_bCambridge University Press,
_c2023.
490 0 _aGlobal competition law and economics policy
504 _aIncludes bibliographical references and index.
505 0 _aCorporate law, antitrust, and the history of democratic control of the balance of power — Michelle Meager (University College London) — ESG policies at the intersection between competition and corporate law — Marco Corradi and Julian Nowag (Lund University) — Not for profit organisations and competition law — Okeoghene Odudu (Cambridge University) — The boundaries of the firm and the reach of competition law : corporate group liability and sanctioning in the EU and the US — Carsten Koenig (University of Collogne) — Piercing the corporate veil : the German Sausage Saga — Mareike Walter and Martin Schunke (Hogan Lovells) — Chaebol regulation in Korea and the relationship between competition and company law — Myungsu Hong (Myongji University) — Antitrust by interior means — Ramsi Woodcock (University of Kentucky) — Directors' duty of loyalty : and competition — Marco Corradi (EESEC) and Julian Nowag (Lund University) — Horizontal directors in the US Revisited — Yaron Nili (University of Wisconsin) — Interlocking directorates in Europe - an enforcement gap? — Florence Thepot (University of Glasgow) — The curious case of Italian interlocking directorates — Federico Ghezzi and Chiara Picciau (Bocconi Business School) — Conceptual breakthroughs on common ownership and competition : a framework for evaluating policy — Martin Schmalz (Oxford University) — Does common ownership explain higher oligopolistic profits? — Edward Rock & Daniel Rubinfeld (New York University) — Common ownership by investment management corporations and EU policies : please, play puzzles and not Mikado! — Marco Corradi (ESSEC) — Common ownership and minority shareholding at the intersection of competition and corporate law : looking through the past to return to the future? — Anna Tzanaki (Lund University) — Competition law, big tech and financialisation : the dark side of the moon — Ioannis Lianos and Andrew McLean (University College London).
520 _a"Corporate and antitrust legislation is complex and covers a vast array of policy interests that may often be perceived as inextricable. This book opens a window to the complex interaction among these two traditionally separated but highly interconnected fields of policy making focusing on the most recent trending topics"--
_cProvided by publisher.
650 0 _aAntitrust law.
_94114
650 0 _aCorporation law.
_95125
700 1 _aCorradi, Marco,
_d1977-
_eeditor.
700 1 _aNowag, Julian,
_d1981-
_eeditor.
906 _a7
_brip
_corignew
_d1
_eecip
_f20
_gy-gencatlg
942 _2ddc
999 _c4942
_d4942